000 00686nam a22002417a 4500
003 UA-OsUOA
001 45428
007 ta
008 20070418b un ||||| |||| 00| 0 ukr d
100 _aШпоть О.С.
090 _a82.09(477)
_bШ84
942 _cBK
040 _aUA-OsUOA
_bukr
_cUA-OsUOA
_dUA-OsUOA
245 _a"Велесова книга" - як фрагмент з історії демократії
300 _a62 с.
955 _a4
041 _aukr
080 _a82.09(477)
020 _a966-96555-1Х
260 _aК.
_bПП "Коронатор"
_c2006
650 7 _a82 Література. Літературознавство
_2UDC
999 _c331530
_d331530